Chân dung văn học
v.v...
Đã lưu trong:
| Tác giả chính: | |
|---|---|
| Định dạng: | Sách |
| Năm xuất bản: |
H.
Trường viết văn Nguyễn Du
1993
|
| Chủ đề: | |
| Tags: |
Thêm thẻ
Không có thẻ, Hãy là người đầu tiên gắn thẻ bản ghi này!
|
| LEADER | 01076nam a2200205 4500 | ||
|---|---|---|---|
| 082 | |a 895.92209 |b NG527C | ||
| 100 | |a Nguyễn Công Hoan | ||
| 245 | |a Chân dung văn học |c Nguyễn Công Hoan; Lê Minh sưu tầm, tuyển chọn, giới thiệu | ||
| 260 | |a H. |b Trường viết văn Nguyễn Du |c 1993 | ||
| 300 | |a 235 tr. |c 19 cm | ||
| 520 | |a v.v... | ||
| 653 | |a Văn học | ||
| 653 | |a Việt Nam | ||
| 653 | |a Chân dung | ||
| 653 | |a Nghiên cứu văn học | ||
| 942 | |2 ddc |c STK0 | ||
| 999 | |c 2555 |d 2555 | ||
| 952 | |0 0 |1 0 |2 ddc |4 0 |6 895_922090000000000_NG527C |7 1 |8 800 |9 31987 |a qbu |b qbu |c D5 |d 2014-12-14 |g 46000 |o 895.92209 NG527C |p 3631.c1 |r 0000-00-00 |w 2014-12-14 |y STK0 |0 0 |6 895_922090000000000_NG527C | ||
| 952 | |0 0 |1 0 |2 ddc |4 0 |6 895_922090000000000_NG527C |7 0 |8 800 |9 31988 |a qbu |b qbu |c D5 |d 2014-12-14 |g 46000 |o 895.92209 NG527C |p 3631.c2 |r 0000-00-00 |w 2014-12-14 |y STK0 |0 0 |6 895_922090000000000_NG527C | ||
| 952 | |0 0 |1 0 |2 ddc |4 0 |6 895_922090000000000_NG527C |7 0 |8 800 |9 31989 |a qbu |b qbu |c D5 |d 2014-12-14 |g 46000 |o 895.92209 NG527C |p 3631.c3 |r 0000-00-00 |w 2014-12-14 |y STK0 |0 0 |6 895_922090000000000_NG527C | ||